000 00360nam a2200145Ia 4500
005 20250729165738.0
008 250729s2014 xx 000 0 und d
041 _aeng
082 _a373.01 SINM
100 _aDr.Y.K Singh
_9231951
245 _aMicro Teaching
260 _aNew Delhi
_bA P H PUBLISHING
_c2014
300 _a253p
650 _aEducation
_9231952
999 _c239539
_d239539